00741nam a2200169 a 450000100100000000500170001000800410002704000250006808200150009310000380010824501220014626000320026830000200030070000480032095201860036899900170055400003530720200930074239.0111027s1947 mx 000 0 spa d aDO-SdBNPbspacBNPHU axxxxbxxxx1 aMartinez Álvarez, Rafael96107613aEl último alcalde español en las Américas /cRafael Martínez Álvarez ; prólogo Alberto María Carreño. aMéxico, :b[s.n.],c1947. a150 p ;c20 cm.1 aCarreño, Alberto María,epról.961077 001050718RVaGRbGRcHDd2011-10-27iLF1l0oxxxx xxxxp35307-10r2020-06-25w2020-06-25y1zPerteneció a la biblioteca personal de Juan Isidro Jimenes Grullón.ZNo se presta c34798d34798